[Event "Amateur OPEN Championship - Paracin 2019"]
[Site "Dnevni centar klub, Paracin"]
[Date "2019.01.31"]
[Round "1.12"]
[White "Pesic, Mihajlo"]
[Black "Sahin, Doga Boran"]
[Result "0-1"]
[WhiteElo "1672"]
[BlackElo "2096"]
[PlyCount "96"]
[EventDate "2019.01.31"]

1. e4 e6 2. d4 d5 3. exd5 exd5 4. Bd3 Bd6 5. Nf3 Nf6 6. O-O O-O 7. Bg5 Nc6 8.
c3 Bg4 9. Re1 h6 10. Bh4 g5 11. Bg3 Bxg3 12. hxg3 Qd6 13. Qd2 Rae8 14. Na3 Bxf3
15. gxf3 a6 16. Kg2 Rxe1 17. Rxe1 Re8 18. Rh1 Kg7 19. Nc2 Ne7 20. Ne3 Rd8 21.
Bb1 Rh8 22. Ng4 Nxg4 23. fxg4 Ng8 24. f4 gxf4 25. gxf4 Nf6 26. Kf3 Re8 27. Re1
Qd7 28. Bf5 Qb5 29. Re5 Qf1+ 30. Qf2 Qd1+ 31. Qe2 Qh1+ 32. Qg2 Qd1+ 33. Qe2
Qxe2+ 34. Kxe2 Rd8 35. Re7 Ne8 36. Be6 Kf6 37. Rxf7+ Kxe6 38. Rh7 Kf6 39. Rxh6+
Kg7 40. Rh2 Nf6 41. Kf3 Re8 42. g5 Ne4 43. Kg4 Nd6 44. Rf2 Re4 45. Rh2 Re1 46.
Rf2 Rg1+ 47. Kf3 Nf5 48. Ke2 Nh4 0-1

[Event "Amateur OPEN Championship - Paracin 2019"]
[Site "Dnevni centar klub, Paracin"]
[Date "2019.02.01"]
[Round "2.1"]
[White "Garic, Radomir"]
[Black "Jakovljevic, Dejan"]
[Result "1/2-1/2"]
[WhiteElo "2291"]
[BlackElo "1942"]
[PlyCount "28"]
[EventDate "2019.01.31"]

1. e4 e6 2. g3 d5 3. Bg2 Nf6 4. e5 Nfd7 5. d4 c5 6. c3 Nc6 7. Ne2 Be7 8. O-O
O-O 9. Be3 cxd4 10. cxd4 b5 11. Nd2 a5 12. f4 Nb6 13. b3 a4 14. Rc1 Nb4 1/2-1/2

[Event "Amateur OPEN Championship - Paracin 2019"]
[Site "Dnevni centar klub, Paracin"]
[Date "2019.02.01"]
[Round "2.2"]
[White "Brankovan, Mario"]
[Black "Cvetanovic, Uros"]
[Result "0-1"]
[WhiteElo "1940"]
[BlackElo "2267"]
[PlyCount "120"]
[EventDate "2019.01.31"]

1. e4 e5 2. Nf3 Nc6 3. c4 Bc5 4. Nc3 d6 5. a3 a5 6. Be2 Nge7 7. d3 O-O 8. Bg5
h6 9. Bh4 g5 10. Bg3 f5 11. exf5 Nxf5 12. O-O g4 13. Nd2 h5 14. Nde4 Bd4 15.
Nd5 h4 16. Bxg4 hxg3 17. hxg3 Kg7 18. Bh5 Nh6 19. Qd2 Bg4 20. Nef6 Bxh5 21.
Qg5+ Bg6 22. Nh5+ Kf7 23. Qxh6 Rg8 24. Ndf6 Ne7 25. Nxg8 Qxg8 26. g4 Qh8 27.
Qg5 Rg8 28. Qh4 Bxh5 29. Qxh5+ Qxh5 30. gxh5 Rh8 31. g3 Rxh5 32. Kg2 Bxb2 33.
Rab1 Bxa3 34. Rxb7 c6 35. f4 exf4 36. Rxf4+ Ke6 37. g4 Re5 38. d4 Ng6 39. Rff7
Re4 40. Rg7 Rxg4+ 41. Kf3 Rg5 42. Ke4 d5+ 43. cxd5+ cxd5+ 44. Ke3 Rg4 45. Rb6+
Bd6 46. Ra7 Ne7 47. Rxa5 Nf5+ 48. Kf3 Rxd4 49. Ra8 Rf4+ 50. Ke2 d4 51. Ra5 Ne3
52. Rh5 Nf5 53. Kd3 Rf3+ 54. Ke2 Rf4 55. Rh8 Kd5 56. Rd8 Ng3+ 57. Kd2 Ne4+ 58.
Kc2 Rf2+ 59. Kb1 Rh2 60. Re8 Bg3 0-1

[Event "Amateur OPEN Championship - Paracin 2019"]
[Site "Dnevni centar klub, Paracin"]
[Date "2019.02.01"]
[Round "2.3"]
[White "Radosavljevic, Slobodan D"]
[Black "Vujcic, Milena"]
[Result "1-0"]
[WhiteElo "2260"]
[BlackElo "1913"]
[PlyCount "57"]
[EventDate "2019.01.31"]

1. e4 d6 2. d4 g6 3. Bc4 Nf6 4. Nc3 Bg7 5. Nf3 O-O 6. Qe2 c6 7. Bb3 b5 8. e5
Ne8 9. Qe4 Nc7 10. Qh4 d5 11. O-O Ne6 12. Re1 Re8 13. Nd1 c5 14. c3 c4 15. Bc2
a5 16. Ne3 Nc7 17. Ng5 h6 18. Nf3 Ra6 19. h3 Bd7 20. Bd2 Qc8 21. Re2 Nc6 22.
Rd1 Nd8 23. Ng4 Bxg4 24. hxg4 g5 25. Qh5 Nde6 26. g3 Kf8 27. Nh2 Nd8 28. f4 f6
29. Bg6 1-0

[Event "Amateur OPEN Championship - Paracin 2019"]
[Site "Dnevni centar klub, Paracin"]
[Date "2019.02.01"]
[Round "2.5"]
[White "Stanisavljevic, Vladan"]
[Black "Miljkovic, Miroslav M"]
[Result "1/2-1/2"]
[WhiteElo "1870"]
[BlackElo "2202"]
[PlyCount "99"]
[EventDate "2019.01.31"]

1. Nf3 c5 2. e3 e6 3. b3 Nf6 4. Bb2 a6 5. c4 d5 6. d4 Nc6 7. Be2 cxd4 8. Nxd4
Nxd4 9. Bxd4 dxc4 10. Bxc4 Be7 11. O-O O-O 12. Nd2 b5 13. Be2 Bb7 14. Bf3 Bxf3
15. Nxf3 Rc8 16. Rc1 Qa5 17. Qd2 Qxd2 18. Nxd2 Ba3 19. Rxc8 Rxc8 20. Nb1 Be7
21. f3 Nd5 22. a3 f6 23. f4 e5 24. fxe5 fxe5 25. Bxe5 Nxe3 26. Re1 Rc2 27. Bd4
Nf5 28. Bf2 h5 29. g3 Kf7 30. b4 Nh6 31. h3 Nf5 32. Kg2 Bd6 33. Kf3 Rxf2+ 34.
Kxf2 Bxg3+ 35. Ke2 Nd4+ 36. Kd3 Bxe1 37. Kxd4 Kf6 38. Ke3 Kg5 39. Ke2 Bg3 40.
Kf3 Be5 41. Nd2 Bb2 42. Ne4+ Kf5 43. Nc5 Ke5 44. Nd3+ Kd4 45. Nxb2 g5 46. a4
bxa4 47. Nxa4 Kc4 48. Nc5 a5 49. bxa5 Kxc5 50. Ke4 1/2-1/2

[Event "Amateur OPEN Championship - Paracin 2019"]
[Site "Dnevni centar klub, Paracin"]
[Date "2019.02.01"]
[Round "2.6"]
[White "Ivanov, Igor"]
[Black "Dimitrijevic, Nenad"]
[Result "0-1"]
[WhiteElo "1851"]
[BlackElo "2163"]
[PlyCount "72"]
[EventDate "2019.01.31"]

1. c4 e5 2. Nc3 Nc6 3. Nf3 f5 4. g3 Nf6 5. d3 Bc5 6. Bg2 d6 7. O-O O-O 8. Rb1
a6 9. Bg5 h6 10. Bxf6 Qxf6 11. Nd5 Qf7 12. b4 Ba7 13. e3 Be6 14. Nd2 Kh8 15.
Qe2 Rae8 16. a4 f4 17. b5 Nd8 18. b6 cxb6 19. Nxb6 Qc7 20. Nd5 Qd7 21. Nb6 Bxb6
22. Rxb6 Qxa4 23. Rxd6 Qb4 24. Ne4 Nf7 25. Rxe6 Rxe6 26. Nd2 b5 27. Rb1 f3 28.
Bxf3 Qc5 29. Bd5 Ree8 30. Ne4 Qb6 31. Qh5 Re7 32. cxb5 axb5 33. Nc3 Qc5 34.
Bxf7 Rexf7 35. Ne4 Qc2 36. Rxb5 Rxf2 0-1

[Event "Amateur OPEN Championship - Paracin 2019"]
[Site "Dnevni centar klub, Paracin"]
[Date "2019.02.01"]
[Round "2.7"]
[White "Caputcuoglu, Zeki Berke"]
[Black "Mohamed, Saeed Laily"]
[Result "0-1"]
[WhiteElo "2162"]
[BlackElo "1864"]
[Annotator "Balkanchess"]
[PlyCount "28"]
[EventDate "2019.01.31"]

1. e4 c6 2. d4 d5 3. exd5 cxd5 4. c4 Nf6 5. Nc3 Nc6 6. Bg5 Be6 7. Nf3 g6 8.
Bxf6 exf6 9. cxd5 Bxd5 10. Bb5 a6 11. Bxc6+ Bxc6 12. d5 Qe7+ 13. Qe2 Qxe2+ 14.
Kxe2 Bd7 {unreadable} 0-1

[Event "Amateur OPEN Championship - Paracin 2019"]
[Site "Dnevni centar klub, Paracin"]
[Date "2019.02.01"]
[Round "2.8"]
[White "Simonovic, Ivan"]
[Black "Djokic, Slavoljub"]
[Result "0-1"]
[WhiteElo "1829"]
[BlackElo "2131"]
[PlyCount "128"]
[EventDate "2019.01.31"]

1. e4 c5 2. Nc3 d6 3. g3 Nf6 4. Bg2 g6 5. d3 Bg7 6. Be3 O-O 7. Nge2 Nc6 8. Qc1
Re8 9. Bh6 Bh8 10. h4 Ng4 11. Bd2 h5 12. O-O e5 13. Nd5 Be6 14. c4 Bxd5 15.
cxd5 Nd4 16. Nxd4 exd4 17. Bf4 b5 18. a4 bxa4 19. Rxa4 Qb6 20. Qd2 Reb8 21.
Rfa1 Be5 22. R1a2 Bxf4 23. Qxf4 Ne5 24. Qd2 Rb7 25. f4 Ng4 26. e5 Rd8 27. Ra6
Qc7 28. e6 Ne3 29. Bf3 Rdb8 30. Rc6 Qe7 31. exf7+ Kxf7 32. Be4 Qd7 33. Bf3 Qh3
34. Qf2 Nf5 35. Bg2 Qxg3 36. Qxg3 Nxg3 37. Rxd6 Ne2+ 38. Kf1 Nxf4 39. Be4 Rxb2
40. Rxa7+ R8b7 41. Rd7+ Rxd7 42. Rxd7+ Kf6 43. Rc7 Rh2 44. Rxc5 Rxh4 45. Rc6+
Ke5 46. Bxg6 Nxd5 47. Rc8 Ne3+ 48. Kf2 Rh2+ 49. Kf3 Rh3+ 50. Kf2 Kf4 51. Rf8+
Kg5 52. Be4 Ng4+ 53. Kg2 Rh2+ 54. Kg1 Rb2 55. Rd8 Rb4 56. Kg2 h4 57. Rd5+ Kf4
58. Rf5+ Ke3 59. Rf3+ Ke2 60. Rh3 Ne5 61. Rxh4 Nxd3 62. Bh7 Ne1+ 63. Kg3 Rb3+
64. Kg4 Nf3 0-1

[Event "Amateur OPEN Championship - Paracin 2019"]
[Site "Dnevni centar klub, Paracin"]
[Date "2019.02.01"]
[Round "2.9"]
[White "Mitrovic, Marjan"]
[Black "Tosic, Dragoljub"]
[Result "1-0"]
[WhiteElo "2112"]
[BlackElo "1861"]
[PlyCount "59"]
[EventDate "2019.01.31"]

1. c4 Nf6 2. Nc3 c5 3. Nf3 Nc6 4. d4 cxd4 5. Nxd4 g6 6. g3 Bg7 7. Bg2 O-O 8.
O-O Nxd4 9. Qxd4 d6 10. Qd3 Rb8 11. h3 Bf5 12. e4 Be6 13. Be3 b6 14. Rac1 Nd7
15. f4 Nc5 16. Qe2 f5 17. exf5 Bxf5 18. Rfd1 Bd7 19. Kh2 Rf7 20. b4 Nb7 21. Bd4
Bf8 22. Ne4 h6 23. Nf2 Qe8 24. Ba1 a5 25. a3 axb4 26. axb4 Nd8 27. Bd5 e6 28.
Be4 Rg7 29. Ng4 d5 30. Nf6+ 1-0

[Event "Amateur OPEN Championship - Paracin 2019"]
[Site "Dnevni centar klub, Paracin"]
[Date "2019.02.01"]
[Round "2.10"]
[White "Yurdakul, Didem Nuray"]
[Black "Ilic, Vladan"]
[Result "1/2-1/2"]
[WhiteElo "1817"]
[BlackElo "2106"]
[PlyCount "85"]
[EventDate "2019.01.31"]

1. e4 e5 2. Nf3 d6 3. d4 Nd7 4. Nc3 c6 5. Bc4 Be7 6. g4 Nb6 7. Bb3 exd4 8. Qxd4
Bf6 9. Qd3 Bxg4 10. Rg1 Bxf3 11. Qxf3 Qe7 12. Bd2 Nd7 13. O-O-O Nc5 14. Bc4 g6
15. Rge1 Be5 16. Qh3 Ne6 17. Ne2 Qf6 18. Bc3 Nf4 19. Nxf4 Qxf4+ 20. Kb1 Nf6 21.
Bd2 Qxf2 22. Rf1 Qb6 23. Bc3 Qc5 24. Rxf6 O-O 25. Bxe5 dxe5 26. Rxf7 Rxf7 27.
Bxf7+ Kxf7 28. Rd7+ Kf6 29. Qf1+ Kg5 30. Rf7 Qe3 31. Rxh7 Rf8 32. Qg2+ Kf6 33.
a3 Rf7 34. Rh3 Qe1+ 35. Ka2 Kg7 36. Qg5 Qxe4 37. Qh6+ Kf6 38. Qh8+ Ke6 39. Qc8+
Kf6 40. Qh8+ Ke6 41. Qc8+ Kf6 42. Qh8+ Ke6 43. Qc8+ 1/2-1/2

[Event "Amateur OPEN Championship - Paracin 2019"]
[Site "Dnevni centar klub, Paracin"]
[Date "2019.02.01"]
[Round "2.11"]
[White "Sahin, Doga Boran"]
[Black "Micanovic, Zoran"]
[Result "1-0"]
[WhiteElo "2096"]
[BlackElo "1838"]
[PlyCount "90"]
[EventDate "2019.01.31"]

1. e4 e5 2. Nf3 Nc6 3. Nc3 d6 4. Be2 Nf6 5. O-O Be7 6. d4 O-O 7. h3 exd4 8.
Nxd4 Nxd4 9. Qxd4 b6 10. Bf4 Bb7 11. Rad1 Re8 12. Rfe1 Nd7 13. Nd5 Bf8 14. Bf1
Nc5 15. Bg3 Nd7 16. c4 g6 17. f4 c6 18. Nc3 d5 19. Bf2 c5 20. Qd2 d4 21. Nd5
Bg7 22. g4 f6 23. Bg2 h6 24. Bg3 g5 25. b3 Nf8 26. e5 fxe5 27. fxe5 Qd7 28. Be4
Ne6 29. Qg2 Rab8 30. Rf1 Kh8 31. Rf5 Bxd5 32. cxd5 Nf4 33. Bxf4 gxf4 34. e6 Qd6
35. Bd3 Rf8 36. Qe4 Rxf5 37. Qxf5 Kg8 38. Qf7+ Kh8 39. Re1 f3 40. Qxf3 Rf8 41.
Bf5 Bf6 42. e7 Bxe7 43. Re6 Qc7 44. Rxh6+ Kg7 45. d6 Bxd6 1-0

[Event "Amateur OPEN Championship - Paracin 2019"]
[Site "Dnevni centar klub, Paracin"]
[Date "2019.02.01"]
[Round "2.12"]
[White "Rajkovic, Slobodan"]
[Black "Trifunovic, Borisav"]
[Result "0-1"]
[WhiteElo "1795"]
[BlackElo "2086"]
[PlyCount "60"]
[EventDate "2019.01.31"]

1. Nf3 d5 2. d4 Nf6 3. g3 Bg4 4. Bg2 e6 5. Bg5 c5 6. c3 Nc6 7. Ne5 Bf5 8. Nxc6
bxc6 9. Qa4 Qb6 10. Bxf6 gxf6 11. O-O Rc8 12. b3 h5 13. Nd2 Bh6 14. Nf3 O-O 15.
dxc5 Qxc5 16. Qh4 Bg6 17. g4 Qxc3 18. gxh5 Be4 19. e3 Kh7 20. Rac1 Qb2 21. Rcd1
Rg8 22. Ne1 Rxg2+ 23. Nxg2 Rg8 24. Qh3 Bxe3 25. Kh1 Bxg2+ 26. Qxg2 Rxg2 27.
Kxg2 Bb6 28. Rd3 e5 29. Rf3 e4 30. Rf5 e3 0-1

[Event "Amateur OPEN Championship - Paracin 2019"]
[Site "Dnevni centar klub, Paracin"]
[Date "2019.02.01"]
[Round "2.13"]
[White "Radisavljevic, Dalibor"]
[Black "Mirkovic, Dejan"]
[Result "1-0"]
[WhiteElo "2073"]
[BlackElo "1822"]
[PlyCount "103"]
[EventDate "2019.01.31"]

1. e4 c5 2. Nf3 e6 3. c3 a6 4. d4 d5 5. exd5 Qxd5 6. Be2 Nf6 7. O-O Be7 8. Be3
Ng4 9. Bf4 Nc6 10. h3 Nf6 11. Be3 b6 12. Nbd2 Bb7 13. Nc4 Qd8 14. dxc5 bxc5 15.
Qb3 Ra7 16. Rad1 Qc7 17. Qb6 Qb8 18. Na5 Nxa5 19. Qxa5 Nd7 20. Qa4 Bc8 21. b3
O-O 22. c4 Nf6 23. Qa3 Qc7 24. Ne1 Ne4 25. Bf3 Bb7 26. Nd3 Rc8 27. Bxe4 Bxe4
28. f3 Bxd3 29. Rxd3 a5 30. Qa4 Qc6 31. Qxc6 Rxc6 32. Rfd1 Kf8 33. Kf2 Ke8 34.
f4 Ra8 35. Kf3 a4 36. Rd7 axb3 37. axb3 Rb8 38. Ra7 Rd6 39. Rxe7+ Kxe7 40. Bxc5
Rxb3+ 41. Ke4 f5+ 42. Ke5 Re3+ 43. Bxe3 Rxd1 44. g4 Rd3 45. Bc5+ Kd7 46. gxf5
exf5 47. Kxf5 Rxh3 48. Kg4 Rd3 49. Bf8 g6 50. Bg7 Ke6 51. Be5 h5+ 52. Kg5 1-0

[Event "Amateur OPEN Championship - Paracin 2019"]
[Site "Dnevni centar klub, Paracin"]
[Date "2019.02.01"]
[Round "2.14"]
[White "Lazic, Milan B"]
[Black "Aydin, Gulenay"]
[Result "0-1"]
[WhiteElo "1986"]
[BlackElo "1812"]
[PlyCount "100"]
[EventDate "2019.01.31"]

1. e4 c5 2. Nc3 e6 3. g3 d5 4. exd5 exd5 5. d4 Nf6 6. Bf4 Bd6 7. Bxd6 Qxd6 8.
dxc5 Qxc5 9. Qe2+ Be6 10. Bh3 O-O 11. Bxe6 Re8 12. Qb5 Qe7 13. Nge2 fxe6 14.
O-O Nc6 15. Rad1 Rad8 16. Nd4 Qd7 17. Nxc6 bxc6 18. Qa4 e5 19. f3 Qc7 20. Rfe1
Qb6+ 21. Kg2 Qxb2 22. Rd3 Qb6 23. Rb1 Qc7 24. Qa6 e4 25. Rb7 Qe5 26. fxe4 Nxe4
27. Nxe4 Qxe4+ 28. Rf3 Qe2+ 29. Rf2 Qe4+ 30. Kg1 Rf8 31. Qxa7 Qe1+ 32. Kg2 Qe4+
33. Kg1 Qe1+ 34. Kg2 Rxf2+ 35. Qxf2 Qe4+ 36. Qf3 Qxc2+ 37. Qf2 Qe4+ 38. Qf3
Qc2+ 39. Qf2 Qxf2+ 40. Kxf2 Ra8 41. Rb2 Ra3 42. Rc2 h6 43. Rxc6 Rxa2+ 44. Ke3
Rxh2 45. Rd6 Rh5 46. g4 Rg5 47. Kf4 Kf7 48. Rd7+ Ke6 49. Rd8 Ke7 50. Ra8 Kd6
0-1

[Event "Amateur OPEN Championship - Paracin 2019"]
[Site "Dnevni centar klub, Paracin"]
[Date "2019.02.01"]
[Round "2.15"]
[White "Khalifah, Khaled"]
[Black "Dezelin, Milan"]
[Result "1/2-1/2"]
[WhiteElo "1766"]
[BlackElo "1980"]
[PlyCount "68"]
[EventDate "2019.01.31"]

1. d4 Nf6 2. Nf3 e6 3. Bg5 c5 4. c3 Nc6 5. Nbd2 h6 6. Bh4 d5 7. e3 Be7 8. Bd3
O-O 9. O-O b6 10. Ne5 Nxe5 11. dxe5 Nd7 12. f4 Bxh4 13. Rf3 f5 14. exf6 Bxf6
15. Rg3 e5 16. Qh5 Qe8 17. Qxh6 e4 18. Nxe4 dxe4 19. Bc4+ Rf7 20. Qh5 Nf8 21.
f5 Ne6 22. fxe6 Bxe6 23. Bxe6 Qxe6 24. Rh3 Rff8 25. g4 Qe5 26. Qg6 Bg5 27. Rh5
Bxe3+ 28. Kh1 Bg5 29. Rxg5 Qf6 30. Qxf6 Rxf6 31. Re5 Rd8 32. Rxe4 Rf2 33. g5
Rdd2 34. Rh4 Kf7 1/2-1/2

[Event "Amateur OPEN Championship - Paracin 2019"]
[Site "Dnevni centar klub, Paracin"]
[Date "2019.02.03"]
[Round "6.1"]
[White "Cvetanovic, Uros"]
[Black "Popovic, Djordje D"]
[Result "1/2-1/2"]
[WhiteElo "2267"]
[BlackElo "2234"]
[PlyCount "26"]
[EventDate "2019.01.31"]

1. g3 e5 2. Bg2 Nf6 3. d3 d6 4. e4 Be7 5. h3 O-O 6. Ne2 Nc6 7. c4 Bd7 8. Nbc3
Re8 9. g4 h6 10. Ng3 Bf8 11. Be3 a6 12. Qd2 Rb8 13. O-O b5 1/2-1/2

[Event "Amateur OPEN Championship - Paracin 2019"]
[Site "Dnevni centar klub, Paracin"]
[Date "2019.02.03"]
[Round "6.2"]
[White "Radosavljevic, Slobodan D"]
[Black "Ilic, Vladan"]
[Result "1/2-1/2"]
[WhiteElo "2260"]
[BlackElo "2106"]
[PlyCount "96"]
[EventDate "2019.01.31"]

1. c4 e6 2. g3 d5 3. Nf3 Nf6 4. Bg2 Be7 5. O-O O-O 6. d3 c6 7. b3 d4 8. Bb2 c5
9. b4 Nc6 10. b5 Nb8 11. e3 dxe3 12. fxe3 Nbd7 13. Nc3 Qc7 14. Qe2 Rb8 15. a4
b6 16. a5 Bb7 17. axb6 axb6 18. Ra7 Ra8 19. Rfa1 Rxa7 20. Rxa7 Ra8 21. Rxb7
Qxb7 22. Ne5 Qc8 23. Bxa8 Qxa8 24. Nc6 Bd6 25. Qf3 Kf8 26. Kg2 h6 27. Kf2 Ke8
28. Ke2 Kf8 29. Kd2 Ke8 30. Kc2 Kf8 31. Kb3 Ke8 32. Na4 Qb7 33. d4 cxd4 34.
exd4 Kf8 35. Nc3 Ke8 36. Ne4 Nxe4 37. Qxe4 Nf6 38. Qf3 Be7 39. Bc3 Kf8 40. Bb2
Qa8 41. Qf4 Qb7 42. Nxe7 Kxe7 43. Ba3+ Ke8 44. Qd6 Qf3+ 45. Ka2 Qe2+ 46. Kb1
Qd3+ 47. Kb2 Qd2+ 48. Kb1 Qd3+ 1/2-1/2

[Event "Amateur OPEN Championship - Paracin 2019"]
[Site "Dnevni centar klub, Paracin"]
[Date "2019.02.03"]
[Round "6.3"]
[White "Dimkovski, Stojancho"]
[Black "Dimitrijevic, Nenad"]
[Result "1-0"]
[WhiteElo "1884"]
[BlackElo "2163"]
[PlyCount "97"]
[EventDate "2019.01.31"]

1. c4 Nf6 2. g3 c5 3. Nc3 g6 4. Bg2 Bg7 5. Nf3 O-O 6. O-O Nc6 7. a3 d5 8. cxd5
Nxd5 9. Nxd5 Qxd5 10. d3 Qd6 11. Rb1 b6 12. Bf4 Qd7 13. Ne5 Bxe5 14. Bxe5 Bb7
15. Bc3 Nd8 16. Bxb7 Nxb7 17. b4 Rac8 18. Qb3 Nd6 19. Rfc1 c4 20. dxc4 Rxc4 21.
Be5 Qe6 22. Rxc4 Nxc4 23. Bc3 Qxe2 24. Re1 Qd3 25. Rd1 Qf3 26. Rd7 Rc8 27. Qxc4
Re8 28. Qd3 Qc6 29. Rd8 f6 30. Rxe8+ Qxe8 31. Qd5+ Kf8 32. b5 Qc8 33. Bb4 Qc7
34. Kg2 g5 35. Qa8+ Kf7 36. Qd5+ e6 37. Qd6 Qc4 38. Qf8+ Kg6 39. Qg8+ Kf5 40.
Qxh7+ Ke5 41. f4+ gxf4 42. gxf4+ Kd4 43. Qd7+ Ke3 44. Qd2+ Ke4 45. Qe1+ Kf5 46.
Qf1 Qc2+ 47. Kg3 Qb3+ 48. Qf3 Qa2 49. Qd3# 1-0

[Event "Amateur OPEN Championship - Paracin 2019"]
[Site "Dnevni centar klub, Paracin"]
[Date "2019.02.03"]
[Round "6.4"]
[White "Aydin, Gulenay"]
[Black "Mitrovic, Marjan"]
[Result "1/2-1/2"]
[WhiteElo "1812"]
[BlackElo "2112"]
[PlyCount "107"]
[EventDate "2019.01.31"]

1. e4 c5 2. Nf3 Nc6 3. Bb5 g6 4. O-O Bg7 5. c3 e5 6. d4 exd4 7. cxd4 Nxd4 8.
Nxd4 cxd4 9. Na3 a6 10. Bc4 Ne7 11. Bg5 h6 12. Bxe7 Qxe7 13. Qd3 O-O 14. Nc2 b5
15. Bd5 Rb8 16. Rfe1 Bb7 17. Bxb7 Rxb7 18. Rad1 Rc7 19. Nxd4 Rfc8 20. g3 Qb4
21. Re2 Qa5 22. a3 Qb6 23. Red2 h5 24. Kg2 Qb7 25. Qf3 Re8 26. Re2 h4 27. Nb3
f5 28. Nd2 Re6 29. gxh4 Bxb2 30. Rde1 Rc3 31. Re3 Rxe3 32. Rxe3 Rf6 33. Rb3 Bd4
34. exf5 d5 35. Qg4 Qb6 36. Rf3 Kh8 37. Nb3 Be5 38. h5 gxf5 39. Rxf5 Rxf5 40.
Qxf5 Qf6 41. Qxf6+ Bxf6 42. Nc5 a5 43. Kf3 Be7 44. Nb3 a4 45. Nd4 Bxa3 46. Nxb5
Bc5 47. Kf4 d4 48. Ke4 Kg7 49. Nxd4 Kh6 50. Nc2 Bxf2 51. Kd3 Kxh5 52. Kc4 Bg1
53. Kb4 Bxh2 54. Kxa4 1/2-1/2

[Event "Amateur OPEN Championship - Paracin 2019"]
[Site "Dnevni centar klub, Paracin"]
[Date "2019.02.03"]
[Round "6.5"]
[White "Yanjinlkham, Bayarsaikhan"]
[Black "Dinic, Dragan"]
[Result "0-1"]
[WhiteElo "1968"]
[BlackElo "2297"]
[PlyCount "94"]
[EventDate "2019.01.31"]

1. c4 Nf6 2. Nc3 d5 3. cxd5 Nxd5 4. g3 g6 5. Bg2 Nb6 6. d3 Bg7 7. Be3 O-O 8. h4
h5 9. Qd2 Nc6 10. Bxc6 bxc6 11. Bh6 c5 12. Bxg7 Kxg7 13. Ne4 Bb7 14. b3 Qd4 15.
Rc1 Bxe4 16. dxe4 Qxe4 17. f3 Qe5 18. Qc3 Qxc3+ 19. Rxc3 c4 20. bxc4 c5 21. Nh3
Rfd8 22. Kf2 Rd2 23. a3 Rad8 24. Rhc1 Rb2 25. R1c2 Rxc2 26. Rxc2 Rd4 27. Ng5
Rxc4 28. Rxc4 Nxc4 29. a4 Nd6 30. e4 e5 31. f4 Kf6 32. Ke3 Nc4+ 33. Kd3 Nb2+
34. Kc3 Nxa4+ 35. Kc4 exf4 36. gxf4 Nb2+ 37. Kxc5 Nd3+ 38. Kd6 Nxf4 39. e5+ Kg7
40. Nf3 Kf8 41. Kd7 a5 42. Kd6 a4 43. Nd4 a3 44. Kc5 a2 45. Nb3 g5 46. Kd4 gxh4
47. Ke4 h3 0-1

[Event "Amateur OPEN Championship - Paracin 2019"]
[Site "Dnevni centar klub, Paracin"]
[Date "2019.02.03"]
[Round "6.6"]
[White "Caputcuoglu, Zeki Berke"]
[Black "Jakovljevic, Dejan"]
[Result "1-0"]
[WhiteElo "2162"]
[BlackElo "1942"]
[PlyCount "73"]
[EventDate "2019.01.31"]

1. e4 e6 2. d4 d5 3. Nd2 Nf6 4. e5 Nfd7 5. Bd3 c5 6. c3 Nc6 7. Ngf3 cxd4 8.
cxd4 f6 9. exf6 Nxf6 10. O-O Bd6 11. Re1 O-O 12. Nf1 Qc7 13. Bg5 e5 14. dxe5
Nxe5 15. Bxf6 gxf6 16. Ne3 Ng4 17. Nxg4 Bxg4 18. h3 Bd7 19. Rc1 Bc6 20. Nd4
Bh2+ 21. Kh1 Be5 22. Ne6 Qd7 23. Nxf8 Rxf8 24. Qc2 Kh8 25. Bf5 Qg7 26. Qd3 Rg8
27. g3 Bxb2 28. Rc2 Bc3 29. Rxc3 d4+ 30. Rxc6 bxc6 31. Qxd4 Qg5 32. Bd3 c5 33.
Qd7 Qh5 34. Re7 Qf3+ 35. Kg1 Rxg3+ 36. fxg3 Qxg3+ 37. Kf1 1-0

[Event "Amateur OPEN Championship - Paracin 2019"]
[Site "Dnevni centar klub, Paracin"]
[Date "2019.02.03"]
[Round "6.7"]
[White "Alumert, Orkun Efe"]
[Black "Djokic, Slavoljub"]
[Result "0-1"]
[WhiteElo "1862"]
[BlackElo "2131"]
[PlyCount "81"]
[EventDate "2019.01.31"]

1. e4 c5 2. Nf3 d6 3. Bb5+ Bd7 4. Bxd7+ Nxd7 5. O-O Ngf6 6. Re1 e6 7. c3 Be7 8.
d4 O-O 9. e5 Nd5 10. exd6 Bxd6 11. c4 N5f6 12. Bg5 Qc7 13. Nc3 a6 14. Rc1 cxd4
15. Qxd4 Rfd8 16. Qh4 Be7 17. Nd5 exd5 18. Rxe7 Qd6 19. Ree1 dxc4 20. Rxc4 h6
21. Bxf6 Nxf6 22. Rd4 Qb6 23. Red1 Re8 24. Rb4 Qc7 25. Rc4 Qa5 26. Ra4 Qf5 27.
h3 Qc2 28. Rd2 Qb1+ 29. Kh2 Rac8 30. Rd6 Qxb2 31. Rb4 Qc1 32. Rbd4 Rc6 33. Rxc6
bxc6 34. Ra4 Qf1 35. Rf4 Nd5 36. Rg4 Re6 37. Nd4 Rf6 38. Nxc6 Qxf2 39. Rg3 Ne3
40. Ne7+ Kh8 41. Qe4 0-1

[Event "Amateur OPEN Championship - Paracin 2019"]
[Site "Dnevni centar klub, Paracin"]
[Date "2019.02.03"]
[Round "6.8"]
[White "Djordjevic, Gradimir"]
[Black "Vujcic, Milena"]
[Result "1/2-1/2"]
[WhiteElo "1979"]
[BlackElo "1913"]
[PlyCount "74"]
[EventDate "2019.01.31"]

1. c4 c5 2. Nc3 Nc6 3. g3 g6 4. Bg2 Bg7 5. e3 e6 6. Nge2 Nge7 7. d4 cxd4 8.
exd4 d5 9. cxd5 Nxd5 10. Nxd5 exd5 11. Be3 O-O 12. O-O Be6 13. Qd2 Qd7 14. Nf4
Rac8 15. Rfe1 b6 16. b4 Nd8 17. a4 Nc6 18. a5 bxa5 19. bxa5 Qd6 20. Rec1 Ne7
21. Nxe6 Qxe6 22. Rab1 Nf5 23. Bh3 Rxc1+ 24. Rxc1 Rc8 25. Rxc8+ Qxc8 26. Qd3
Qc7 27. Bxf5 gxf5 28. Qxf5 Qxa5 29. Qc8+ Bf8 30. Bh6 Qe1+ 31. Kg2 Qe4+ 32. f3
Qe2+ 33. Kg1 Qe1+ 34. Kg2 Qe2+ 35. Kg1 Qe1+ 36. Kg2 Qe2+ 37. Kg1 Qe1+ 1/2-1/2

[Event "Amateur OPEN Championship - Paracin 2019"]
[Site "Dnevni centar klub, Paracin"]
[Date "2019.02.03"]
[Round "6.10"]
[White "Simonovic, Ivan"]
[Black "Miljkovic, Miroslav M"]
[Result "0-1"]
[WhiteElo "1829"]
[BlackElo "2202"]
[PlyCount "75"]
[EventDate "2019.01.31"]

1. e4 c5 2. Nc3 e6 3. g3 Nc6 4. Bg2 g6 5. d3 Bg7 6. Be3 d6 7. Qd2 h5 8. h3 Nge7
9. Nge2 Rb8 10. a4 e5 11. f4 Nd4 12. O-O O-O 13. Rab1 a6 14. b4 Be6 15. bxc5
dxc5 16. fxe5 Bxe5 17. Bf4 Qd6 18. Bxe5 Qxe5 19. Nf4 b5 20. axb5 axb5 21. Nce2
Rfd8 22. Nxe6 Qxe6 23. Nf4 Qa2 24. Rfc1 c4 25. Qf2 cxd3 26. cxd3 Qxf2+ 27. Kxf2
Nec6 28. Nd5 b4 29. Bf3 b3 30. Rc4 Rb7 31. Bd1 b2 32. Ke3 Rc8 33. Kd2 Ra8 34.
Ba4 Ne5 35. Bc2 Nxc4+ 36. dxc4 Ra3 37. g4 Rxh3 38. gxh5 0-1

[Event "Amateur OPEN Championship - Paracin 2019"]
[Site "Dnevni centar klub, Paracin"]
[Date "2019.02.03"]
[Round "6.11"]
[White "Sahin, Doga Boran"]
[Black "Ivanov, Igor"]
[Result "1/2-1/2"]
[WhiteElo "2096"]
[BlackElo "1851"]
[PlyCount "71"]
[EventDate "2019.01.31"]

1. e4 c6 2. c4 d5 3. cxd5 cxd5 4. exd5 Nf6 5. d4 Nxd5 6. Nc3 Nc6 7. Nf3 e6 8.
Bd3 Be7 9. O-O O-O 10. Re1 Bf6 11. Be3 Bd7 12. Qd2 g6 13. Rad1 a6 14. Bb1 Nxc3
15. bxc3 Na5 16. Bh6 Re8 17. Bd3 Rc8 18. Ne5 Ba4 19. Rc1 Nc6 20. Qf4 Nxe5 21.
dxe5 Bg7 22. Bxg7 Kxg7 23. Bxg6 hxg6 24. Qxa4 Re7 25. Rcd1 Qc7 26. Re3 Rd8 27.
Rf1 Red7 28. Qf4 Rh8 29. c4 Qd8 30. g3 Rh5 31. Qe4 Qh8 32. Qg2 Qc8 33. Qe4 Qh8
34. Qg2 Qc8 35. g4 Rh8 36. Qf3 1/2-1/2